书目信息 |
| 题名: |
大英帝国的瓦解
|
|
| 作者: | 张顺洪 著 | |
| 分册: | ||
| 出版信息: | 北京 社会科学文献出版社 1997 |
|
| 页数: | 281页 | |
| 开本: | 19cm | |
| 丛书名: | ||
| 单 册: | ||
| 中图分类: | D756.1 | |
| 科图分类: | ||
| 主题词: | 政治--英国--概况 | |
| 电子资源: | ||
| ISBN: | 7-80050-853-6 | |
| 000 | 00818nam0 2200229 45 | |
| 001 | 0197027149 | |
| 005 | 20050329171145.6 | |
| 010 | @a7-80050-853-6@dCNY19.00 | |
| 100 | @a19970908d1997 kemy0chiy0121 ea | |
| 101 | 0 | @achi |
| 102 | @aCN@b110000 | |
| 105 | @ay z 000yy | |
| 200 | 10 | @a大英帝国的瓦解@Ada ying di guo de wa jie@e英国的非殖民化与香港问题@EYing Guo De Fei Zhi Min Hua Yu Xiang Gang Wen Ti@f张顺洪等著@FZhang Shun Hong Deng Zhu |
| 210 | @a北京@c社会科学文献出版社@d1997 | |
| 215 | @a281页@d19cm | |
| 300 | @a中国社会科学院“八五”重点课题 中国社会科学院出版基金资助 | |
| 517 | @a英国的非殖民化与香港问题@AYing Guo De Fei Zhi Min Hua Yu Xiang Gang Wen Ti | |
| 606 | 0 | @a政治@y英国@x概况 |
| 690 | @aD756.1@v3 | |
| 701 | 0 | @a张顺洪@4著 |
| 801 | 0 | @aCN@bNLC@c19970922 |
| 905 | @dD756.1@e190@f1@b275576 | |
| 大英帝国的瓦解:英国的非殖民化与香港问题/张顺洪等著.-北京:社会科学文献出版社,1997 |
| 281页;19cm |
| 中国社会科学院“八五”重点课题 中国社会科学院出版基金资助 |
| ISBN 7-80050-853-6:CNY19.00 |
| ● |
| 相关链接 |
|
|
|
|
正题名:大英帝国的瓦解
索取号:D756.1/190
 
预约/预借
| 序号 | 登录号 | 条形码 | 馆藏地/架位号 | 状态 | 备注 |
| 1 | 0275575 | 001017483 | 第一借阅区/ [索取号:D756.1/190] | 在馆 | |
| 2 | 0275576 | 002013680 | 密集书库/ [索取号:D756.1/190] | 在馆 |